Cyclisme : Top 20 de Milan San Remo 2024 - Statistiques

Statistiques générales
  • Ce quiz a été pris 26 fois
  • Le résultat moyen est 12 sur 20
Statistiques - réponses
Position Equipe Coureur % Correct
1er Alpecin Deceuninck Jasper Philipsen
100%
10eme Alpecin Deceuninck Mathieu Van Der Poel
100%
13eme Soudal Quick Step Casper Pedersen
95%
4eme Lidl Trek Mads Pedersen
95%
2eme Jayco AlUla Michael Matthews
95%
3eme UAE Team Emirates Tadej Pogacar
95%
7eme Lotto Dstny Maxim Van Gils
86%
6eme Bahrain Victorious Matej Mohoric
82%
9eme Soudal Quick Step Julian Alaphilippe
77%
8eme Lidl Trek Jasper Stuyven
64%
11eme Ineos Grenadier Thomas Pidcock
59%
5eme EF Education Easypost Alberto Bettiol
55%
15eme Groupama FDJ Laurence Pithie
45%
20eme Decathlon Ag2r La Mondiale Benoit Cosnefroy
36%
14eme Visma Lease a Bike Olav Kooij
32%
19eme Groupama FDJ Quentin Pacher
32%
17eme Israel Premier Tech Corbin Strong
18%
12eme BORA Hansgrohe Matteo Sobrero
18%
16eme Soudal Quick Step Kasper Asgreen
9%
18eme Israel Premier Tech Simon Clarke
9%
Aucun quiz correspondant
Distribution des résultats
% des personnes avec chaque résultat
Percentile par nombre de réponses
Votre historique - résultats
Vous n’avez pas pris ce quiz